Organization Development (Record no. 345160)

000 -LEADER
fixed length control field 00563 a2200193 4500
003 - CONTROL NUMBER IDENTIFIER
control field OSt
005 - DATE AND TIME OF LATEST TRANSACTION
control field 20180116182734.0
008 - FIXED-LENGTH DATA ELEMENTS--GENERAL INFORMATION
fixed length control field 170808b xxu||||| |||| 00| 0 eng d
020 ## - INTERNATIONAL STANDARD BOOK NUMBER
International Standard Book Number 8176496758
040 ## - CATALOGING SOURCE
Transcribing agency 0
082 ## - DEWEY DECIMAL CLASSIFICATION NUMBER
Classification number 302.35 RAL 2004
100 ## - MAIN ENTRY--PERSONAL NAME
Personal name Lenny T. Ralphs, Ph.D.
245 ## - TITLE STATEMENT
Title Organization Development
Remainder of title A Practicioners Tool Kit
Statement of responsibility, etc. Lenny T. Ralphs, Ph.D.
260 ## - PUBLICATION, DISTRIBUTION, ETC.
Place of publication, distribution, etc. New Delhi
Name of publisher, distributor, etc. Viva Books Private Limited
Date of publication, distribution, etc. 2004
300 ## - PHYSICAL DESCRIPTION
Extent 114 p.
Other physical details pb
440 ## - SERIES STATEMENT/ADDED ENTRY--TITLE
Title Organization Development
500 ## - GENERAL NOTE
General note Papercover
942 ## - ADDED ENTRY ELEMENTS (KOHA)
Institution code [OBSOLETE] NBS
Koha item type Book
Call number prefix 302.35 RAL 2004
Source of classification or shelving scheme
Holdings
Withdrawn status Lost status Damaged status Not for loan Permanent Location Current Location Date acquired Total Checkouts Full call number Barcode Date last seen Date last checked out Price effective from Koha item type
        Central Library (CL) Central Library (CL) 08/28/2013 2 302.35 RAL NBS5356 11/22/2017 08/08/2017 08/28/2013 Book
© 2023 Central Library, National University of Sciences and Technology. All Rights Reserved.